Normal view
MARC view
- اسئلة واجوبة
Entry Topical Term
001 - CONTROL NUMBER
- control field: 11933
003 - CONTROL NUMBER IDENTIFIER
- control field: JO-AjAnu
005 - DATE AND TIME OF LATEST TRANSACTION
- control field: 20230606072220.0
008 - FIXED-LENGTH DATA ELEMENTS
- fixed length control field: 230606|| aca||aabn | a|a d
040 ## - CATALOGING SOURCE
- Original cataloging agency: JO-AjAnu
- Transcribing agency: JO-AjAnu
150 ## - HEADING--TOPICAL TERM
- Topical term or geographic name entry element: اسئلة واجوبة
670 ## - SOURCE DATA FOUND
- Source citation: Work cat.: (JO-AjAnu)6146: مصطفى،مصطفى ابراهيم/اعداد, author 11932, اختبر معلوماتك العامة